000 00723nam a2200169Ia 4500
003 GCL
008 140319s9999 xx 000 0 ara d
040 _aGCL /
_cGCL
082 0 4 _a872
_bك ن
100 1 _aوزارة الثقافة
245 1 0 _aنصوص من المسرح المكسيكى :
_bصورة على الشاطئ - حلم الليل - خطابات موتسارت /
_cوزارة الثقافة
260 _aالقاهرة :
_bوزارة الثقافة - مهرجان القاهرة الدولى للمسرح التجريبى ،
_c2003
300 _a332 ص ؛
_c24 سم
650 0 4 _aالمسرحيات المكسيكية
650 0 4 _aالمسرحيات المكسيكية - مجموعات
942 _2ddc
_cBK
999 _c57241
_d57241